Statistics for Dutch Speaking Countries

Click here to take the quiz!

General Stats

  • This quiz has been taken 1,340 times
  • The average score is 9 of 11

Answer Stats

RegionCountry% Correct
EuropeBelgium
99%
EuropeNetherlands
99%
South AmericaSuriname
92%
EuropeGermany
90%
AfricaSouth Africa
83%
EuropeFrance
82%
AsiaIndonesia
81%
North AmericaUnited States
78%
North AmericaCanada
76%
OceaniaNew Zealand
68%
AfricaNamibia
58%

Score Distribution

Percentile by Number Answered

Percent of People with Each Score

Your Score History

You have not taken this quiz